000 004520000a22001690004500
090 _aAR
_b00488
245 1 0 _aClasification of bats
650 1 4 _aMurciélagos
_92659
650 1 4 _aListas de murciélagos
_993520
650 1 4 _aSistemática animal
_992968
650 1 4 _aTaxonomía animal
_98245
041 0 _aInglés
700 1 _aJones, J. Knox
_99498
100 1 _aKoopman, Karl F.
_993521
942 _cARTICULO
773 1 _tAbout Bats
_3185
_q22-28
_d1970
999 _c9584
_d9584